[Event "2nd Prague Masters 2020"]
[Site "Prague CZE"]
[Date "2020.02.12"]
[Round "1.1"]
[White "Grandelius, Nils"]
[Black "Harikrishna, Pentala"]
[Result "1/2-1/2"]
[WhiteTitle "GM"]
[BlackTitle "GM"]
[WhiteElo "2659"]
[BlackElo "2713"]
[WhiteFideId "1710400"]
[BlackFideId "5007003"]
[EventDate "2020.02.12"]

1. e4 c5 2. Nf3 e6 3. d4 cxd4 4. Nxd4 Nc6 5. Nc3 Qc7 6. g3 a6 7. Bg2 Nf6 8. O-O
Nxd4 9. Qxd4 Bc5 10. Bf4 d6 11. Qd2 h6 12. Rad1 e5 13. Be3 Bb4 14. a3 Bxc3 15.
Qxc3 Qxc3 16. bxc3 Be6 17. Rxd6 Rc8 18. Bb6 O-O 19. Ba5 Rc4 20. Rb6 Nxe4 21. Re1
Nxc3 22. Bxb7 Na4 23. Rxa6 Nc5 24. Ra7 Nxb7 25. Rxb7 Rxc2 26. Rxe5 Ra2 27. Kg2
Re8 28. Bc7 Rxa3 29. Rb8 Rxb8 30. Bxb8 g5 31. h3 Rd3 32. Re1 h5 33. Ba7 Kg7 34.
Kh2 Kg6 35. Be3 g4 36. h4 Bd5 1/2-1/2

[Event "2nd Prague Masters 2020"]
[Site "Prague CZE"]
[Date "2020.02.12"]
[Round "1.2"]
[White "Firouzja, Alireza"]
[Black "Ragger, Markus"]
[Result "1/2-1/2"]
[WhiteTitle "GM"]
[BlackTitle "GM"]
[WhiteElo "2726"]
[BlackElo "2670"]
[WhiteFideId "12573981"]
[BlackFideId "1610856"]
[EventDate "2020.02.12"]

1. e4 e5 2. Nf3 Nc6 3. Bb5 a6 4. Ba4 Nf6 5. O-O Be7 6. d3 b5 7. Bb3 d6 8. a3 O-O
9. Nc3 Na5 10. Ba2 Be6 11. b4 Bxa2 12. Rxa2 Nc6 13. Bg5 Ng4 14. Bd2 Nf6 15. Re1
Qd7 16. Nd5 Nxd5 17. exd5 Na7 18. a4 c6 19. axb5 axb5 20. Qa1 cxd5 21. Be3 d4
22. Nxd4 exd4 23. Bxd4 Bf6 24. Bxf6 gxf6 25. h3 Rfe8 26. Rxe8+ Qxe8 27. Rxa7
Rxa7 28. Qxa7 Qe1+ 29. Kh2 Qxb4 30. Qe3 Kg7 31. d4 d5 32. Qg3+ Kf8 33. Qb8+ Kg7
34. Qg3+ Kf8 35. Qd3 Kg7 36. Kg3 Qd6+ 37. Kg4 Qe6+ 38. Kh5 f5 39. Qg3+ Kh8 40.
Qg5 Qe2+ 41. g4 fxg4 42. Qf6+ Kg8 43. Qg5+ Kh8 44. Qf6+ Kg8 1/2-1/2

[Event "2nd Prague Masters 2020"]
[Site "Prague CZE"]
[Date "2020.02.12"]
[Round "1.3"]
[White "Vitiugov, Nikita"]
[Black "Anton Guijarro, David"]
[Result "1-0"]
[WhiteTitle "GM"]
[BlackTitle "GM"]
[WhiteElo "2731"]
[BlackElo "2697"]
[WhiteFideId "4152956"]
[BlackFideId "2285525"]
[EventDate "2020.02.12"]

1. e4 c5 2. Nf3 Nc6 3. Bb5 g6 4. O-O Bg7 5. c3 Nf6 6. Re1 O-O 7. d4 a6 8. Bxc6
dxc6 9. h3 cxd4 10. cxd4 c5 11. d5 b5 12. Qc2 c4 13. a4 Bb7 14. Bd2 Qd7 15. axb5
axb5 16. Rxa8 Rxa8 17. Bb4 Nh5 18. Qd2 e5 19. Rd1 Nf4 20. Ne1 f5 21. f3 Bf8 22.
Kh2 fxe4 23. fxe4 Bxb4 24. Qxb4 Rf8 25. Nd2 Bc8 26. Qc3 Qa7 27. Ndf3 Bxh3 28.
Qxe5 Bg4 29. d6 Qf7 30. Rd2 Bd7 31. Ng5 Qg7 32. Qxg7+ Kxg7 33. g3 Ne6 34. Nxe6+
Bxe6 35. Nc2 Bd7 36. Nb4 Rf3 37. Kg2 Re3 38. Na6 Rd3 39. Rxd3 cxd3 40. Kf2 Kf6
41. Nc5 Bg4 42. Ke3 h5 43. Kxd3 g5 44. Ke3 1-0

[Event "2nd Prague Masters 2020"]
[Site "Prague CZE"]
[Date "2020.02.12"]
[Round "1.4"]
[White "Vidit, Santosh Gujrathi"]
[Black "Shankland, Sam"]
[Result "1-0"]
[WhiteTitle "GM"]
[BlackTitle "GM"]
[WhiteElo "2721"]
[BlackElo "2683"]
[WhiteFideId "5029465"]
[BlackFideId "2004887"]
[EventDate "2020.02.12"]

1. d4 Nf6 2. c4 e6 3. Nc3 Bb4 4. e3 O-O 5. Bd2 b6 6. Nf3 Bb7 7. Bd3 d5 8. cxd5
exd5 9. Rc1 Re8 10. Nb5 Nc6 11. O-O Bf8 12. a3 a6 13. Nc3 Bd6 14. b4 Nb8 15. Qb3
c6 16. Qb1 Bc8 17. e4 dxe4 18. Nxe4 Nxe4 19. Bxe4 h6 20. Rfd1 Ra7 21. Ne5 Rc7
22. h3 Qh4 23. Re1 Rce7 24. Bh7+ Kf8 25. Re4 Qf6 26. Rf4 Bxe5 27. Rxf6 Bxf6 28.
Bf4 Bg5 29. Bd6 g6 30. Bxg6 fxg6 31. Qxg6 Nd7 32. Rc3 1-0

[Event "2nd Prague Masters 2020"]
[Site "Prague CZE"]
[Date "2020.02.12"]
[Round "1.5"]
[White "Navara, David"]
[Black "Duda, Jan-Krzysztof"]
[Result "0-1"]
[WhiteTitle "GM"]
[BlackTitle "GM"]
[WhiteElo "2717"]
[BlackElo "2755"]
[WhiteFideId "309095"]
[BlackFideId "1170546"]
[EventDate "2020.02.12"]

1. e4 c5 2. Nf3 d6 3. d4 cxd4 4. Nxd4 Nf6 5. Nc3 a6 6. h3 e6 7. g4 h6 8. Bg2 Nc6
9. Be3 Be7 10. f4 Nd7 11. Nf3 g5 12. Ne2 gxf4 13. Bxf4 Nde5 14. Nxe5 Nxe5 15.
Ng3 Qb6 16. Bxe5 dxe5 17. Qf3 Bg5 18. h4 Qe3+ 19. Qxe3 Bxe3 20. Ke2 Ba7 21. Rad1
Bd7 22. Kf3 Ke7 23. Rh2 Rhg8 24. Bh3 Ba4 25. Rhd2 Rac8 26. Bf1 Rg6 27. Nh5 Bd4
28. Bd3 Rcg8 29. Rg2 f5 30. exf5 Bc6+ 31. Ke2 exf5 32. Ng3 Bxg2 33. Nxf5+ Kf6
34. Nxd4 Rxg4 35. Nf5 e4 36. Nxh6 Bf3+ 0-1

[Event "2nd Prague Masters 2020"]
[Site "Prague CZE"]
[Date "2020.02.13"]
[Round "2.1"]
[White "Shankland, Sam"]
[Black "Navara, David"]
[Result "1/2-1/2"]
[WhiteTitle "GM"]
[BlackTitle "GM"]
[WhiteElo "2683"]
[BlackElo "2717"]
[WhiteFideId "2004887"]
[BlackFideId "309095"]
[EventDate "2020.02.12"]

1. d4 Nf6 2. c4 e6 3. g3 d5 4. Bg2 Be7 5. Nf3 O-O 6. O-O dxc4 7. Qc2 a6 8. a4
Bd7 9. Qxc4 Bc6 10. Bf4 Bd6 11. Qc1 a5 12. Nc3 Bxf4 13. Qxf4 Qd6 14. Rfc1 Na6
15. Ne5 Bxg2 16. Kxg2 Rad8 17. e3 c5 18. Nb5 Qd5+ 19. Qf3 cxd4 20. exd4 Qxf3+
21. Kxf3 Nd5 22. Nc4 b6 23. Ne3 Nab4 24. Rc4 Rd7 25. Ke2 Rfd8 26. Rac1 Na2 27.
Rd1 Nab4 28. Nxd5 Rxd5 29. Rdc1 e5 30. Rc8 exd4 31. Rxd8+ Rxd8 32. Nxd4 g6 33.
Rc4 Kg7 34. h4 h5 35. b3 Na6 36. Nf3 Re8+ 37. Kf1 Nc5 38. b4 1/2-1/2

[Event "2nd Prague Masters 2020"]
[Site "Prague CZE"]
[Date "2020.02.13"]
[Round "2.5"]
[White "Ragger, Markus"]
[Black "Vitiugov, Nikita"]
[Result "1/2-1/2"]
[WhiteTitle "GM"]
[BlackTitle "GM"]
[WhiteElo "2670"]
[BlackElo "2731"]
[WhiteFideId "1610856"]
[BlackFideId "4152956"]
[EventDate "2020.02.12"]

1. e4 e6 2. d4 d5 3. Nc3 Nf6 4. e5 Nfd7 5. f4 c5 6. Nf3 Nc6 7. Be3 a6 8. a3 Qb6
9. Be2 cxd4 10. Nxd4 Bc5 11. Na4 Qa5+ 12. c3 Bxd4 13. Bxd4 Nxd4 14. Qxd4 Qc7 15.
b4 O-O 16. O-O b5 17. Nb2 Bb7 18. a4 bxa4 19. Rxa4 Rfc8 20. Ra3 a5 21. b5 Nc5
22. Rfa1 Rab8 23. Na4 Ne4 24. Bd3 h6 25. c4 Nc5 26. Qxc5 Qxc5+ 27. Nxc5 Rxc5 28.
cxd5 Rxd5 29. Bf1 Rd4 30. g3 Bd5 31. Rxa5 Rd2 32. Rc1 Rb2 33. Raa1 Be4 34. Ra4
Bd5 35. Raa1 Be4 36. Ra4 Bd5 1/2-1/2

[Event "2nd Prague Masters 2020"]
[Site "Prague CZE"]
[Date "2020.02.14"]
[Round "3.2"]
[White "Navara, David"]
[Black "Anton Guijarro, David"]
[Result "0-1"]
[WhiteTitle "GM"]
[BlackTitle "GM"]
[WhiteElo "2717"]
[BlackElo "2697"]
[WhiteFideId "309095"]
[BlackFideId "2285525"]
[EventDate "2020.02.12"]

1. d4 Nf6 2. c4 e6 3. Nc3 d5 4. cxd5 exd5 5. Bg5 Be7 6. e3 c6 7. Bd3 Nbd7 8. Nf3
Ne4 9. Bf4 Ndf6 10. Qc2 O-O 11. O-O Bf5 12. Ne5 g6 13. f3 Nd6 14. Rad1 Bxd3 15.
Rxd3 a6 16. Kh1 Rc8 17. e4 Nb5 18. Qb3 Kg7 19. a4 Nxc3 20. bxc3 b5 21. Qa2 Nh5
22. Bc1 Nf6 23. axb5 axb5 24. Qd2 Ng8 25. Re3 dxe4 26. Rxe4 Qd5 27. Rfe1 Ra8 28.
Ng4 Bd6 29. R4e2 Rfd8 30. Bb2 Kf8 31. Ne5 Kg7 32. Bc1 Re8 33. h4 f6 34. Ng4 Rxe2
35. Rxe2 Bg3 36. Kg1 Qh5 37. Qe3 Qxh4 38. Qe6 Ra1 39. Rc2 h5 40. Ne3 Qh2+ 41.
Kf1 Rxc1+ 0-1

[Event "2nd Prague Masters 2020"]
[Site "Prague CZE"]
[Date "2020.02.14"]
[Round "3.4"]
[White "Vitiugov, Nikita"]
[Black "Grandelius, Nils"]
[Result "1/2-1/2"]
[WhiteTitle "GM"]
[BlackTitle "GM"]
[WhiteElo "2731"]
[BlackElo "2659"]
[WhiteFideId "4152956"]
[BlackFideId "1710400"]
[EventDate "2020.02.12"]

1. d4 Nf6 2. Nf3 g6 3. Nbd2 Bg7 4. e4 O-O 5. Bd3 d6 6. O-O Nc6 7. c3 e5 8. dxe5
Nxe5 9. Nxe5 dxe5 10. Nc4 Nh5 11. Re1 Nf4 12. Bf1 Qf6 13. a4 a5 14. Be3 Rd8 15.
Qc2 b6 16. b4 Bb7 17. f3 Ne6 18. Red1 Rxd1 19. Rxd1 axb4 20. cxb4 Nd4 21. Bxd4
exd4 22. Bd3 Qc6 23. b5 Qc5 24. Rb1 Bc8 25. f4 Be6 26. Kh1 Bh6 27. f5 gxf5 28.
exf5 Bd5 29. Qe2 Kh8 30. Qe5+ f6 31. Qxf6+ Bg7 32. Qh4 Bxc4 33. Be4 Bd5 34. f6
Bxe4 35. fxg7+ Kxg7 36. Qxe4 Rd8 37. Qd3 Qe5 38. Rd1 Rd6 39. Kg1 1/2-1/2

[Event "2nd Prague Masters 2020"]
[Site "Prague CZE"]
[Date "2020.02.15"]
[Round "4.1"]
[White "Ragger, Markus"]
[Black "Navara, David"]
[Result "1/2-1/2"]
[WhiteTitle "GM"]
[BlackTitle "GM"]
[WhiteElo "2670"]
[BlackElo "2717"]
[WhiteFideId "1610856"]
[BlackFideId "309095"]
[EventDate "2020.02.12"]

1. e4 e5 2. Nf3 Nc6 3. Bc4 Bc5 4. d3 Nf6 5. O-O O-O 6. c3 d6 7. Re1 h6 8. h3 a5
9. Nbd2 a4 10. Bb5 Bd7 11. Nf1 Ne7 12. Bxd7 Nxd7 13. Ng3 f5 14. d4 Bb6 15. exf5
Nxf5 16. Nxf5 Rxf5 17. Be3 exd4 18. Bxd4 c5 19. Be3 Qf6 20. Nd2 d5 21. g4 Re5
22. Nf3 d4 23. Nxe5 Nxe5 24. f4 dxe3 25. fxe5 Qxe5 26. Qe2 c4 27. Kh1 Kh8 28.
Qxc4 Re8 29. Qe2 a3 30. bxa3 Ba5 31. Rf1 Bxc3 32. Rad1 Qe4+ 33. Kg1 Bd4 34. Rfe1
Bc5 35. Rc1 b6 36. a4 Rf8 37. Rxc5 Rf2 38. Rc8+ Kh7 39. Qxf2 exf2+ 40. Kxf2 Qf4+
41. Kg2 Qd2+ 42. Kf1 Qd3+ 43. Kg2 Qd5+ 44. Kg3 Qd6+ 45. Kg2 Qd2+ 46. Kf1 Qxa2
47. Rc3 Qxa4 48. Ree3 Qa2 49. Ke1 b5 50. Rb3 Qa1+ 51. Kd2 Qd4+ 52. Kc2 b4 53.
Rf3 Qc4+ 54. Kb2 Qe2+ 55. Kb1 Qd1+ 56. Kb2 Qd2+ 57. Kb1 Kg6 58. Rbd3 Qe2 59.
Rd6+ Kg5 60. Rd5+ Kg6 1/2-1/2

[Event "2nd Prague Masters 2020"]
[Site "Prague CZE"]
[Date "2020.02.15"]
[Round "4.2"]
[White "Harikrishna, Pentala"]
[Black "Shankland, Sam"]
[Result "1/2-1/2"]
[WhiteTitle "GM"]
[BlackTitle "GM"]
[WhiteElo "2713"]
[BlackElo "2683"]
[WhiteFideId "5007003"]
[BlackFideId "2004887"]
[EventDate "2020.02.12"]

1. e4 c5 2. Nf3 d6 3. d4 cxd4 4. Nxd4 Nf6 5. Nc3 a6 6. Bc4 e6 7. O-O Be7 8. Bb3
O-O 9. f4 Nc6 10. Kh1 Nxd4 11. Qxd4 b5 12. f5 b4 13. Qxb4 d5 14. Qd4 dxe4 15.
Qxd8 Rxd8 16. fxe6 Bxe6 17. Bg5 h6 18. Bxf6 Bxf6 19. Bxe6 fxe6 20. Nxe4 Bxb2 21.
Rab1 Rd4 22. Rfe1 Ba3 23. c3 Ra4 24. g3 Rc8 25. Kg2 Rc6 26. Re2 Bd6 27. Rb7 Be5
28. Rb4 Rxb4 29. cxb4 Bd4 30. Nc5 Bc3 31. Rxe6 Rxe6 32. Nxe6 Bxb4 33. Nc7 a5 34.
Kf3 Kf7 35. Ke4 Bd6 36. Nb5 Bb8 37. a4 h5 38. Na3 Ke6 39. Nc4 Bc7 40. h3 Bxg3
41. Nxa5 g5 42. Nc6 g4 43. Nd4+ Kd6 44. hxg4 hxg4 45. Nf5+ Kc5 46. Nxg3 Kb4 47.
Kf4 Kxa4 48. Kxg4 1/2-1/2

[Event "2nd Prague Masters 2020"]
[Site "Prague CZE"]
[Date "2020.02.16"]
[Round "5.1"]
[White "Shankland, Sam"]
[Black "Anton Guijarro, David"]
[Result "1/2-1/2"]
[WhiteTitle "GM"]
[BlackTitle "GM"]
[WhiteElo "2683"]
[BlackElo "2697"]
[WhiteFideId "2004887"]
[BlackFideId "2285525"]
[EventDate "2020.02.12"]

1. d4 Nf6 2. Bf4 c5 3. dxc5 Na6 4. f3 e6 5. e4 Bxc5 6. Nc3 d5 7. Qd2 O-O 8.
O-O-O Bd7 9. Bxa6 bxa6 10. e5 Ne8 11. Nxd5 exd5 12. Qxd5 Qb6 13. Qxd7 Nc7 14.
Ne2 Ne6 15. Kb1 Ba3 16. b3 Qf2 17. Qd3 Rfd8 18. Qe4 Qxg2 19. Rdg1 Qf2 20. Rf1
Qb6 21. Be3 Bc5 22. Bc1 Rac8 23. Rd1 Bf8 24. Bb2 a5 25. Nc3 Qf2 26. Qe2 Qh4 27.
Ne4 a4 28. Nd6 Rb8 29. Qe4 Qxe4 30. Nxe4 a5 31. Nc3 axb3 32. cxb3 Rdc8 33. Rd5
Rb4 34. Rxa5 Rf4 35. Ne2 Rxf3 36. Nd4 Nxd4 37. Bxd4 h5 38. Rc1 Re8 39. Rb5 Kh7
40. a4 Rd8 41. Bb6 Rdd3 42. a5 Rxb3+ 43. Rxb3 Rxb3+ 44. Kc2 Ra3 45. Kb2 Bb4 46.
Ra1 Rh3 47. Ra4 Rxh2+ 48. Kc1 Bxa5 1/2-1/2

[Event "2nd Prague Masters 2020"]
[Site "Prague CZE"]
[Date "2020.02.16"]
[Round "5.2"]
[White "Navara, David"]
[Black "Grandelius, Nils"]
[Result "1-0"]
[WhiteTitle "GM"]
[BlackTitle "GM"]
[WhiteElo "2717"]
[BlackElo "2659"]
[WhiteFideId "309095"]
[BlackFideId "1710400"]
[EventDate "2020.02.12"]

1. c4 c5 2. Nf3 Nc6 3. d4 cxd4 4. Nxd4 Nf6 5. Nc3 e6 6. g3 Qb6 7. Nb3 Ne5 8. e4
Bb4 9. Qe2 d6 10. Bd2 a5 11. O-O-O a4 12. Na1 O-O 13. Nc2 Bc5 14. f4 Nc6 15. e5
dxe5 16. fxe5 Nd7 17. Bf4 f6 18. exf6 Nxf6 19. Bh3 e5 20. Bxc8 exf4 21. Be6+ Kh8
22. gxf4 Nd4 23. Nxd4 Bxd4 24. Rd3 a3 25. b3 Nh5 26. Qxh5 Bxc3 27. f5 Bb2+ 28.
Kb1 h6 29. Rhd1 Bf6 30. Qe2 Qa5 31. Qe1 Qc7 32. Qg3 Be5 33. Qe3 Bf6 34. R1d2
Rfe8 35. Rd7 Qc6 36. R2d5 Rac8 37. Rf7 Bb2 38. Qd2 Rb8 39. Bd7 Qb6 40. c5 Qd8
41. f6 Bxf6 42. Bb5 Re1+ 43. Kc2 Qg8 44. Rxf6 gxf6 45. Rd7 Qg6+ 46. Bd3 Re4 47.
Re7 f5 48. Bxe4 fxe4 49. Qd4+ Kg8 50. Qd5+ Kf8 51. Re6 Qg5 52. Re5 Qg6 53. Rf5+
Kg7 54. Qe5+ Kh7 55. Qc7+ 1-0

[Event "2nd Prague Masters 2020"]
[Site "Prague CZE"]
[Date "2020.02.16"]
[Round "5.3"]
[White "Vitiugov, Nikita"]
[Black "Harikrishna, Pentala"]
[Result "1/2-1/2"]
[WhiteTitle "GM"]
[BlackTitle "GM"]
[WhiteElo "2731"]
[BlackElo "2713"]
[WhiteFideId "4152956"]
[BlackFideId "5007003"]
[EventDate "2020.02.12"]

1. d4 d5 2. Nf3 Nf6 3. Bf4 c5 4. e3 Nc6 5. Nbd2 cxd4 6. exd4 Bf5 7. Bb5 Qb6 8.
c4 dxc4 9. a4 e6 10. O-O Bd3 11. Ne5 a6 12. Ndxc4 Bxc4 13. Nxc4 Qd8 14. Bxc6+
bxc6 15. Ne5 Qd5 16. Rc1 Bd6 17. Re1 Rc8 18. Qe2 O-O 19. Qxa6 Ra8 20. Qxc6 Qxc6
21. Rxc6 Bxe5 22. Bxe5 Rxa4 23. Bd6 Rfa8 24. b4 h5 25. b5 R8a5 26. b6 Rb5 27.
Rc8+ Kh7 28. Bc5 Ra2 29. Rc7 Kg6 30. Ra7 Rab2 31. h3 Nd5 32. Ra3 R2b3 33. Rea1
Nxb6 34. Rxb3 Rxb3 35. Bxb6 Rxb6 36. h4 Rb4 37. Rd1 Kf5 38. d5 e5 39. d6 Rb8 40.
d7 Rd8 41. Rd6 f6 42. f3 Kg6 43. Kf2 Kf7 44. f4 exf4 45. Kf3 Ke7 46. Ra6 Rxd7
47. Kxf4 Rd4+ 48. Kg3 g6 49. Kh3 Rd6 50. Ra3 Ke6 51. Kg3 Ke5 52. Kf3 Rd5 53. g3
Kf5 54. Rb3 g5 55. hxg5 fxg5 56. g4+ hxg4+ 57. Kg3 Rd4 58. Rb5+ Kg6 59. Rb8 Ra4 1/2-1/2

[Event "2nd Prague Masters 2020"]
[Site "Prague CZE"]
[Date "2020.02.18"]
[Round "6.1"]
[White "Harikrishna, Pentala"]
[Black "Anton Guijarro, David"]
[Result "1/2-1/2"]
[WhiteTitle "GM"]
[BlackTitle "GM"]
[WhiteElo "2713"]
[BlackElo "2697"]
[WhiteFideId "5007003"]
[BlackFideId "2285525"]
[EventDate "2020.02.12"]

1. d4 Nf6 2. c4 e6 3. g3 d5 4. Bg2 Bb4+ 5. Nd2 O-O 6. Nf3 dxc4 7. a3 Bxd2+ 8.
Bxd2 Nc6 9. e3 b5 10. b3 Bb7 11. bxc4 bxc4 12. O-O Ne7 13. Qc2 c5 14. Qxc4 cxd4
15. Qxd4 Qxd4 16. Nxd4 Bxg2 17. Kxg2 Rfc8 18. Rfc1 h6 19. Nb5 Ne4 20. Be1 a6 21.
Nc7 Ra7 22. Ba5 Rb8 23. Ra2 Rb3 24. Rc4 Nd6 25. Rb4 Rxb4 26. axb4 Nc4 27. Rc2
Nxa5 28. bxa5 Kf8 29. f4 Nf5 30. Rc6 Ke7 1/2-1/2

[Event "2nd Prague Masters 2020"]
[Site "Prague CZE"]
[Date "2020.02.18"]
[Round "6.2"]
[White "Ragger, Markus"]
[Black "Shankland, Sam"]
[Result "1/2-1/2"]
[WhiteTitle "GM"]
[BlackTitle "GM"]
[WhiteElo "2670"]
[BlackElo "2683"]
[WhiteFideId "1610856"]
[BlackFideId "2004887"]
[EventDate "2020.02.12"]

1. e4 e5 2. Nf3 Nc6 3. Bc4 Nf6 4. d3 h6 5. c3 d6 6. O-O g5 7. Bb3 Bg7 8. Nbd2 a5
9. a4 Qe7 10. Nc4 Be6 11. Ne3 Qd7 12. Re1 d5 13. exd5 Nxd5 14. Nxd5 Bxd5 15.
Nxe5 Bxe5 16. d4 O-O-O 17. dxe5 Qe6 18. Bxd5 Rxd5 19. Qc2 Nxe5 20. Be3 Qg4 21.
Red1 Nf3+ 22. Kh1 Nh4 23. Rg1 Rhd8 24. h3 Qd7 25. Rge1 Rd3 26. Qe2 Qd5 27. Qf1
h5 28. c4 Qc6 29. Kg1 f6 30. f3 Nf5 31. Bf2 h4 32. Qe2 Rd2 33. Qe4 Qxe4 34. fxe4
Nd4 35. Rab1 Ne2+ 36. Kf1 Nf4 37. Be3 Rc2 38. Bxf4 gxf4 39. Re2 Rxc4 40. b3 Rb4
41. e5 f5 42. e6 Re4 43. Rc1 Re8 44. Rec2 Re7 45. Rc5 b6 46. Rxf5 R7xe6 47. Rf7
Re7 48. Rxe7 Rxe7 49. Rc4 Rf7 50. Kf2 c5 51. Re4 Kc7 52. Re6 Rd7 53. Rh6 Rd2+
54. Kf1 f3 55. gxf3 Rd4 56. Rh7+ Kc6 57. Rh6+ Kb7 58. Rh7+ Ka6 59. Kf2 c4 60.
bxc4 Rxc4 61. Ke3 Rxa4 62. f4 Ra3+ 63. Ke2 Rxh3 64. f5 Rc3 65. Rxh4 Rc6 66. Kd3
Kb5 67. Rf4 Rf6 68. Kd4 Rf8 69. f6 Kb4 70. Kd5+ Kb5 71. Kd4 Rf7 72. Rf1 Rd7+ 73.
Kc3 Rc7+ 74. Kd3 Rf7 75. Kd4 a4 76. Kc3 Ka5 1/2-1/2

[Event "2nd Prague Masters 2020"]
[Site "Prague CZE"]
[Date "2020.02.19"]
[Round "7.1"]
[White "Shankland, Sam"]
[Black "Grandelius, Nils"]
[Result "1-0"]
[WhiteTitle "GM"]
[BlackTitle "GM"]
[WhiteElo "2683"]
[BlackElo "2659"]
[WhiteFideId "2004887"]
[BlackFideId "1710400"]
[EventDate "2020.02.12"]

1. d4 Nf6 2. c4 g6 3. Nc3 d5 4. cxd5 Nxd5 5. e4 Nxc3 6. bxc3 Bg7 7. Bc4 c5 8.
Ne2 Nc6 9. Be3 O-O 10. O-O Na5 11. Bd3 b6 12. Rc1 e5 13. dxe5 Bxe5 14. f4 Bg7
15. Ng3 Bg4 16. Qc2 Qd7 17. Rf2 Rfd8 18. Bf1 Be6 19. f5 Bc4 20. Bg5 f6 21. Bf4
Bd3 22. Qd1 Bxf1 23. Qxf1 Qd3 24. Qe1 g5 25. Rd2 Qc4 26. Bd6 Qf7 27. e5 fxe5 28.
Qe4 Nc4 29. Rd5 b5 30. Rcd1 Nb2 31. Rf1 Bf6 32. Rxc5 Nc4 33. Rd1 Be7 34. Rc7
Bxd6 35. Rxf7 Bc5+ 36. Rd4 Bxd4+ 37. cxd4 Nd6 38. Qe2 Nxf7 39. dxe5 Rac8 40. e6
Rc1+ 41. Kf2 Nh6 42. e7 Re8 43. Qe6+ Nf7 44. Nh5 Rc2+ 45. Ke3 1-0

[Event "2nd Prague Masters 2020"]
[Site "Prague CZE"]
[Date "2020.02.19"]
[Round "7.2"]
[White "Anton Guijarro, David"]
[Black "Ragger, Markus"]
[Result "1/2-1/2"]
[WhiteTitle "GM"]
[BlackTitle "GM"]
[WhiteElo "2697"]
[BlackElo "2670"]
[WhiteFideId "2285525"]
[BlackFideId "1610856"]
[EventDate "2020.02.12"]

1. d4 Nf6 2. c4 g6 3. f3 c5 4. d5 d6 5. e4 Bg7 6. Nc3 e6 7. Bg5 exd5 8. cxd5 h6
9. Be3 O-O 10. Qd2 Re8 11. Be2 Kh7 12. Rc1 Qe7 13. b3 Na6 14. Bxa6 bxa6 15. Nge2
Nd7 16. O-O Nb6 17. Ng3 a5 18. Bf2 Bd7 19. Nce2 h5 20. Qxa5 h4 21. Nh1 Qg5 22.
Be1 h3 23. Nhg3 Bd4+ 24. Bf2 hxg2 25. Kxg2 Bxf2 26. Rxf2 f5 27. h4 Qh6 28. Rh1
f4 29. Nf1 Re5 30. Kg1 Rh5 31. Rfh2 Kg8 32. Kf2 Kh7 33. Ke1 Re5 34. Nd2 Qg7 35.
Rg1 Rae8 36. Rg5 Nxd5 37. Rxe5 Ne3 38. Rxe8 Qa1+ 39. Kf2 Nd1+ 40. Kg2 Ne3+ 41.
Kf2 Nd1+ 42. Kg2 Ne3+ 43. Kf2 1/2-1/2

[Event "2nd Prague Masters 2020"]
[Site "Prague CZE"]
[Date "2020.02.19"]
[Round "7.3"]
[White "Navara, David"]
[Black "Vitiugov, Nikita"]
[Result "1/2-1/2"]
[WhiteTitle "GM"]
[BlackTitle "GM"]
[WhiteElo "2717"]
[BlackElo "2731"]
[WhiteFideId "309095"]
[BlackFideId "4152956"]
[EventDate "2020.02.12"]

1. c4 e5 2. g3 c6 3. d4 e4 4. a3 d5 5. Nc3 Nf6 6. Bg2 Be7 7. f3 exf3 8. Nxf3 O-O
9. O-O h6 10. cxd5 cxd5 11. Nh4 Nc6 12. Nf5 Be6 13. g4 Re8 14. Nxe7+ Nxe7 15. g5
hxg5 16. Bxg5 Nh7 17. Bh4 Qd7 18. e3 Nf5 19. Qe1 Nf8 20. Rd1 Ng6 21. Bg3 Nh6 22.
e4 dxe4 23. Qxe4 Re7 24. Nd5 Bxd5 25. Qxd5 Qxd5 26. Bxd5 Ng4 27. Rd3 Rd8 28. Bb3
Nf6 29. d5 Re2 30. d6 Ne5 31. Rc3 Nc6 32. Rd3 Ne5 33. Bd1 Re4 34. Rc3 Nc4 35.
Bf3 Nd2 36. Bxe4 Nfxe4 37. Rc7 Nxf1 38. d7 Kf8 39. Kxf1 Nxg3+ 40. hxg3 Ke7 41.
Rxb7 Rxd7 42. Rb5 1/2-1/2

[Event "2nd Prague Masters 2020"]
[Site "Prague CZE"]
[Date "2020.02.20"]
[Round "8.1"]
[White "Harikrishna, Pentala"]
[Black "Ragger, Markus"]
[Result "1/2-1/2"]
[WhiteTitle "GM"]
[BlackTitle "GM"]
[WhiteElo "2713"]
[BlackElo "2670"]
[WhiteFideId "5007003"]
[BlackFideId "1610856"]
[EventDate "2020.02.12"]

1. e4 e5 2. Nf3 Nc6 3. Bb5 a6 4. Ba4 Nf6 5. O-O Be7 6. d3 b5 7. Bb3 d6 8. a3 O-O
9. Nc3 Bg4 10. Be3 Nd4 11. Bxd4 exd4 12. Nd5 Nxd5 13. Bxd5 Rc8 14. h3 Bd7 15.
Nxd4 c6 16. Bb3 Bf6 17. c3 Bxd4 18. cxd4 Qf6 19. e5 dxe5 20. dxe5 Qxe5 21. d4
Qf6 22. Rc1 a5 23. Re1 a4 24. Ba2 Rce8 25. Qd3 g6 26. Qc3 Rxe1+ 27. Rxe1 Re8 28.
Rxe8+ Bxe8 29. Bb1 Bd7 30. Be4 h5 31. g3 Qe6 32. Bg2 Qe2 33. h4 Qd1+ 34. Kh2 Qe2
35. Kg1 1/2-1/2

[Event "2nd Prague Masters 2020"]
[Site "Prague CZE"]
[Date "2020.02.21"]
[Round "9.1"]
[White "Navara, David"]
[Black "Harikrishna, Pentala"]
[Result "0-1"]
[WhiteTitle "GM"]
[BlackTitle "GM"]
[WhiteElo "2717"]
[BlackElo "2713"]
[WhiteFideId "309095"]
[BlackFideId "5007003"]
[EventDate "2020.02.12"]

1. d4 d5 2. c4 dxc4 3. Nf3 Nf6 4. e3 Bg4 5. Bxc4 e6 6. Nc3 Nbd7 7. O-O Be7 8. e4
O-O 9. e5 Ne8 10. Be3 c6 11. h3 Bh5 12. g4 Bg6 13. Ne1 Nb6 14. Bb3 Nc7 15. f4 f5
16. Nd3 Nbd5 17. Qd2 Qd7 18. Rac1 Rad8 19. Nxd5 Nxd5 20. Nc5 Bxc5 21. Rxc5 fxg4
22. hxg4 Be4 23. Qe1 Qf7 24. Bd2 Qg6 25. Qh4 Rd7 26. Qh5 Qxh5 27. gxh5 Nc7 28.
Be3 Bd5 29. Bd1 Bxa2 30. Bg4 Bd5 31. f5 exf5 32. Rxf5 Rxf5 33. Bxf5 Rf7 34. Bc8
Rf3 35. Bf2 Rb3 36. Bh4 Kf7 37. Rc2 Be6 38. Rf2+ Ke8 39. Rg2 Bxc8 40. Rxg7 Nd5
41. Rg8+ Kd7 42. e6+ Kxe6 43. Rxc8 Rh3 44. Bd8 Rxh5 45. Rb8 Kd7 46. Ba5 b6 47.
Bd2 a5 48. Kg2 Kc7 49. Rh8 Kb7 0-1

[Event "2nd Prague Masters 2020"]
[Site "Prague CZE"]
[Date "2020.02.21"]
[Round "9.2"]
[White "Ragger, Markus"]
[Black "Grandelius, Nils"]
[Result "1/2-1/2"]
[WhiteTitle "GM"]
[BlackTitle "GM"]
[WhiteElo "2670"]
[BlackElo "2659"]
[WhiteFideId "1610856"]
[BlackFideId "1710400"]
[EventDate "2020.02.12"]

1. e4 c5 2. Nf3 d6 3. Bb5+ Bd7 4. Bxd7+ Qxd7 5. c4 Nf6 6. Nc3 g6 7. d4 cxd4 8.
Nxd4 Bg7 9. f3 O-O 10. Be3 Nc6 11. O-O a6 12. Qd3 Rfc8 13. b3 b5 14. cxb5 Ne5
15. Qd2 d5 16. Nxd5 Nxd5 17. exd5 axb5 18. Rad1 Qxd5 19. Qe2 Nc6 20. Nxb5 Qe6
21. Rfe1 Nb4 22. Nd4 Qf6 23. Rd2 h5 24. Nb5 Qe6 25. Nd4 Qf6 26. Nb5 Qe6 27. Nd4
Qf6 1/2-1/2